000 00666 a2200205 4500
001 62578
005 20260407155919.0
008 260407a1978 arg spa d
003 AR-UNSa-BCEJYS
040 _aAR-UNSa-BCEJYS
_bspa
_cAR-UNSa-BCEJYS
080 _a35.082.4
_x Promoción. Rango. Jerarquía (Carrera administrativa)
245 1 0 _aLa educación para la administración pública en Europa occidental
020 _a978-84-7351-135-3
264 1 _aMadrid :
_bInstituto Nacional de Administración Pública (INAP)
_c1978
300 _a64 p.
_c21 cm.
041 _aspa
942 _cBK
590 _aniveau_biblio:m niveau_hierar:0
100 1 _aKoenig, Klaus
999 _c7712
_d7712